[Event "LSS No Engine Cup 04 Preliminary 7"]
[Site "LSS email"]
[Date "2009.08.04"]
[Round "?"]
[White "Stevenson, Grant"]
[Black "Pecsi, Roland"]
[Result "1-0"]
[WhiteElo "916"]
[BlackElo "707"]
[PlyCount "22"]
[EventDate "2009.08.05"]
[EventType "tourn (corr)"]
[EventRounds "6"]
[EventCountry "GER"]
[SourceTitle "Corr 2015"]
[Source "ChessBase"]
[SourceDate "2015.07.17"]
[SourceVersion "1"]
[SourceVersionDate "2015.07.17"]
[SourceQuality "1"]

1. e4 e5 2. Nf3 Nc6 3. Bc4 Nf6 4. Nc3 Bb4 5. Nd5 0-0 6. c3 Bc5 7. d3 d6 8. 0-0 Bg4 9. h3 Bh5 10. Nxf6+ Qxf6 11. g4 Bg6 1-0

[Event "LSS OP-2009-0-00905"]
[Site "LSS email"]
[Date "2009.07.25"]
[Round "?"]
[White "Stevenson, Grant"]
[Black "Szabo, Attila"]
[Result "1-0"]
[WhiteElo "800"]
[BlackElo "1193"]
[PlyCount "61"]
[EventDate "2009.07.19"]
[EventType "tourn (corr)"]
[EventRounds "4"]
[EventCountry "GER"]
[SourceTitle "Telechess CBM 137"]
[Source "ChessBase"]
[SourceDate "2010.07.15"]
[SourceVersion "1"]
[SourceVersionDate "2010.07.15"]
[SourceQuality "1"]

1. e4 e5 2. Nf3 Nc6 3. Nc3 Nf6 4. Bc4 Nxe4 5. Nxe4 d5 6. Bd3 dxe4 7. Bxe4 Bd6 8. 0-0 0-0 9. c3 Be6 10. d3 f6 11. Qc2 Qd7 12. d4 exd4 13. cxd4 f5 14. Bd3 Nb4 15. Qe2 Rae8 16. a3 Bd5 17. Ne5 Nxd3 18. Qxd3 Qe6 19. Re1 Be4 20. Qc3 c5 21. Nf3 cxd4 22. Nxd4 Qd5 23. Nf3 Bxf3 24. Rxe8 Rxe8 25. gxf3 Be5 26. Qb4 Re6 27. Bf4 a5 28. Qa4 b5 29. Rd1 Qxf3 30. Rd8+ Kf7 31. Qxb5 1-0